Quản trị doanh nghiệp

में बचाया:
ग्रंथसूची विवरण
मुख्य लेखक: Nguyễn, Thị Bích Ngọc
स्वरूप: Sách
भाषा:Undetermined
प्रकाशित: Trường Đại học Công nghiệp Tp. Hồ Chí Minh 2019
विषय:
ऑनलाइन पहुंच:https://opac.iuh.edu.vn/TraCuuTaiLieuSo2XemChiTiet.aspx?Id=104477
टैग : टैग जोड़ें
कोई टैग नहीं, इस रिकॉर्ड को टैग करने वाले पहले व्यक्ति बनें!
Thư viện lưu trữ: Trung tâm Thư viện - Trường Đại học Công nghiệp TP. Hồ Chí Minh
LEADER 00626nam a2200169Ia 4500
001 UIH_00464
008 230809s9999 xx 000 0 und d
082 |a 658.02 
100 |a Nguyễn, Thị Bích Ngọc 
245 0 |a Quản trị doanh nghiệp 
245 0 |c Nguyễn, Thị Bích Ngọc 
260 |b Trường Đại học Công nghiệp Tp. Hồ Chí Minh 
260 |c 2019 
650 |a Quản trị kinh doanh; 
856 |u https://opac.iuh.edu.vn/TraCuuTaiLieuSo2XemChiTiet.aspx?Id=104477 
927 |a Sách 
980 |a Trung tâm Thư viện - Trường Đại học Công nghiệp TP. Hồ Chí Minh